Los principios de la ciencia /

Kaydedildi:
Detaylı Bibliyografya
Yazar: Nicol, Eduardo (autor)
Materyal Türü: Kitap
Dil:İspanyolca
Baskı/Yayın Bilgisi: México : Fondo de Cultura Económica, 1965, c1965
Etiketler: Etiketle
Etiket eklenmemiş, İlk siz ekleyin!

MARC

LEADER 00000nam^a2200000^a^4500
001 000569690
005 20250521000000.0
009 20260310132213.309
037 |a Acervo Xavier Clavigero 
041 |a ESP 
091 |a FPA. 02638 
100 |a Nicol, Eduardo  |e (autor) 
245 1 4 |a Los principios de la ciencia / 
264 4 |a México :  |b Fondo de Cultura Económica,  |c 1965, c1965 
300 |a 510 p. 
336 |a texto  |b txt  |2 rdacontenido 
337 |a sin mediación  |b n  |2 rdamedio 
338 |a volumen  |b nc  |2 rdasoporte 
649 |a XX 
910 |a Fondo José Ignacio Palencia Gómez S.J. 
920 |a Impresos - Libros 
930 |a Fondos Especiales 
905 |a 137 
901 |a 0500352077  |b IT2  |c ESL  |i D  |u 20250521 
902 |a https://opac.biblio.iteso.mx/vufind/Record/000569690